Case in point (Record no. 105469)

MARC details
000 -LEADER
fixed length control field 01646cam a2200301 4500
001 - CONTROL NUMBER
control field ##L133753
008 - FIXED-LENGTH DATA ELEMENTS--GENERAL INFORMATION
fixed length control field 060608n2006 000 0 eng u
020 ## - INTERNATIONAL STANDARD BOOK NUMBER
International Standard Book Number 9781842192949
-- 1842192949
035 ## - SYSTEM CONTROL NUMBER
System control number (Sirsi) u133753
041 0# - LANGUAGE CODE
Language code of text/sound track or separate title eng
050 04 - LIBRARY OF CONGRESS CALL NUMBER
Classification number 690.25 $2 18
100 1# - MAIN ENTRY--PERSONAL NAME
Personal name Constable, Adam
245 00 - TITLE STATEMENT
Title Case in point
Remainder of title building defects
260 ## - PUBLICATION, DISTRIBUTION, ETC.
Place of publication, distribution, etc. London
Name of publisher, distributor, etc. RICS
Date of publication, distribution, etc. 2006
300 ## - PHYSICAL DESCRIPTION
Extent xxiv, 142pp
Dimensions 21cm.
350 ## - PRICE (NR) (BK AM CF MU VM SE) [OBSOLETE]
Price 24.99
490 #0 - SERIES STATEMENT
Series statement RICS Case in Point Series
505 2# - FORMATTED CONTENTS NOTE
Formatted contents note What is a defect? -- Defects liability and other contractual provisions -- Temporary disconformity -- Claims for defective work in tort -- The Defective Premises Act 1972 -- The surveyor's duty to identify defects -- Defects and limitation periods -- Defects and the project team -- Remedies.
520 ## - SUMMARY, ETC.
Summary, etc. Provides a concise guide to all aspects of defects in buildings through the relevant case law. Covers what patent and latent defects are, rights and obligations under defective liability clauses and how defects can affect practical and substantial completion. Considers the Defective Premises Act 1972, the implications of defects for surveyors and valuers, when a defect may, or may not, give rise to a cause of action in tort, legal concepts such as temporary disconformity and complex structure theory, and relevant limitation periods and the implications of the Latent Damage Act 1986.
590 ## - LOCAL NOTE (RLIN)
Local note IKA010806
650 24 - SUBJECT ADDED ENTRY--TOPICAL TERM
Topical term or geographic name entry element DEFECTIVE PREMISES ACT 1972
650 24 - SUBJECT ADDED ENTRY--TOPICAL TERM
Topical term or geographic name entry element LATENT DAMAGE ACT 1986
651 #4 - SUBJECT ADDED ENTRY--GEOGRAPHIC NAME
Geographic name United Kingdom
Chronological subdivision
690 ## - LOCAL SUBJECT ADDED ENTRY--TOPICAL TERM (OCLC, RLIN)
Topical term or geographic name as entry element BUILT ENVIRONMENT-BUILDING PATHOLOGY
700 1# - ADDED ENTRY--PERSONAL NAME
Personal name Lamont, Calum
942 ## - ADDED ENTRY ELEMENTS (KOHA)
Suppress in OPAC 0
Holdings
Withdrawn status Lost status Source of classification or shelving scheme Damaged status Not for loan Home library Current library Shelving location Date acquired Total Checkouts Full call number Barcode Date last seen Copy number Price effective from Koha item type Cost, normal purchase price Date last checked out Cost, replacement price
    Dewey Decimal Classification     London London RICS Boxes 21/07/2006   RICS 2006/23 30073146 06/08/2019 1 06/08/2019 Archive      
    Dewey Decimal Classification     London London Books 21/07/2006   690.25 CON 30073147 06/08/2019 1 06/08/2019 Reference material      
    Dewey Decimal Classification     London London Books 20/09/2006 13 690.25 CON 30073282 06/08/2019 6 06/08/2019 Book 24.99 17/03/2009 24.99